Insān al-Sadd al-ʻĀlī (Record no. 49746)

MARC details
000 -LEADER
fixed length control field 00862cam a22002651 4500
001 - CONTROL NUMBER
control field ne 67001448
003 - CONTROL NUMBER IDENTIFIER
control field DLC
005 - DATE AND TIME OF LATEST TRANSACTION
control field 20260227111834.0
008 - FIXED-LENGTH DATA ELEMENTS--GENERAL INFORMATION
fixed length control field 881207s1967 ua a 000 0 ara
010 ## - LIBRARY OF CONGRESS CONTROL NUMBER
LC control number ne 67001448
025 ## - OVERSEAS ACQUISITION NUMBER
Overseas acquisition number PL480:UAR-8415
035 ## - SYSTEM CONTROL NUMBER
System control number (OCoLC)18855057
040 ## - CATALOGING SOURCE
Original cataloging agency DLC
Transcribing agency WaU
Modifying agency WaU
-- DLC
042 ## - AUTHENTICATION CODE
Authentication code premarc
043 ## - GEOGRAPHIC AREA CODE
Geographic area code f-ua---
050 00 - LIBRARY OF CONGRESS CALL NUMBER
Classification number TC558.E5
Item number A8347
100 1# - MAIN ENTRY--PERSONAL NAME
Personal name Ibrāhīm, Ṣunʻ Allāh.
245 10 - TITLE STATEMENT
Title Insān al-Sadd al-ʻĀlī
Statement of responsibility, etc. [taʼlīf] Ṣunʻ Allāh Ibrāhīm [wa]-Kamāl al-Qilsh [wa]-Raʼūf Musʻad.
260 ## - PUBLICATION, DISTRIBUTION, ETC.
Place of publication, distribution, etc. [al-Qāhirah,
Name of publisher, distributor, etc. Dār al-Kitāb al-ʻArabī lil-Tibāʻah wa-al-Nashr,
Date of publication, distribution, etc. 1967]
300 ## - PHYSICAL DESCRIPTION
Extent 134 p.
Other physical details illus.
Dimensions 24 cm.
490 0# - SERIES STATEMENT
Series statement Min al-Sharq wa-al-Gharb,
Volume/sequential designation 201
651 #0 - SUBJECT ADDED ENTRY--GEOGRAPHIC NAME
Geographic name Aswan High Dam (Egypt)
700 1# - ADDED ENTRY--PERSONAL NAME
Personal name Qilsh, Kamāl,
Relator term joint author.
700 1# - ADDED ENTRY--PERSONAL NAME
Personal name Musʻad, Raʼūf,
Relator term joint author.

No items available.

Powered by Koha